000 00674nam a22002177a 4500
003 UA-OsUOA
001 79014
007 ta
008 20111027b un ||||| |||| 00| 0 ukr d
100 _aШара Є.
090 _a330(477)
_bШ25
942 _cSA
040 _aUA-OsUOA
_bukr
_cUA-OsUOA
_dUA-OsUOA
245 _aДержавний фінансовий контроль та шляхи його вдосконалення в економіці України
300 _aС.46-48
955 _a0
041 _aukr
080 _a330(477)
773 0 _w79010
_tФінансовий контроль
_dК.
_d2011
_g8
650 7 _a330 Економіка взагалі
_2UDC
999 _c365330
_d365330